000 00799nam a22002297a 4500
999 _c14614
_d14614
003 AR-CdUCM
008 190423b ||||| |||| 00| 0 spa d
020 _a978-84-675-4505-0
040 _aMUNICIPALIDAD PROVINCIAL DEL CUSCO
_cBIBLIOTECA MUNICIPAL DEL CUSCO
082 _24ed.
_aPI / 376.1 /
_bM83
100 _aMoroney, Trace
_933288
245 _aCosas que me gustan de mi /
260 _aMadrid :
_bEdiciones SM,
_c2016.
300 _a20 paginas ;
_bIlustraciones
_c25 cm.
500 _aTitulo original :The things i love abaut me
650 _aCuentos infantiles acerca de mi
_933463
650 _aCuento para niños
_933323
650 _aCosas que nos gustan a los niños
_933464
700 _aTellechea, Teresa (Traducción)
_933324
942 _2ddc
_cLIBROS
945 _awnts
_d2019-04-24